[Event "4NCL 2017-18"]
[Site "England ENG"]
[Date "2018.05.07"]
[Round "11.24"]
[White "Arakhamia-Grant, Ketevan"]
[Black "Harvey, Marcus R"]
[Result "1/2-1/2"]
[WhiteTitle "GM"]
[BlackTitle "FM"]
[WhiteElo "2338"]
[BlackElo "2358"]
[WhiteTeam "White Rose"]
[BlackTeam "Wood Green"]
[WhiteFideId "13600168"]
[BlackFideId "400092"]
[EventDate "2017.11.11"]

1. e4 e6 2. d4 d5 3. Nc3 Nf6 4. e5 Nfd7 5. f4 c5 6. Nf3 Nc6 7. Be3 a6 8. Qd2 Qb6
9. Na4 Qb4 10. Qxb4 Nxb4 11. Kd2 b6 12. b3 Bb7 13. c3 Nc6 14. Bd3 Be7 15. g4 O-O
16. Rhg1 Rac8 17. Rac1 cxd4 18. cxd4 Ba3 19. Rcd1 Bb4+ 20. Ke2 b5 21. Nb2 Ba3
22. Rd2 Nb4 23. Bb1 Rc6 24. Nd3 Rfc8 25. Nxb4 Bxb4 26. Rdd1 a5 27. f5 Ba6 28.
Ng5 h6 29. Nh3 Be7 30. g5 b4+ 31. Kf2 hxg5 32. Nxg5 Bxg5 33. Bxg5 exf5 34. Bxf5
Bb5 35. Rd2 Ra6 36. h4 g6 37. Bg4 Rc3 38. Bf3 Bc6 39. h5 Nf8 40. Bh6 Bb7 41. Be2
Rac6 42. Bb5 Rb6 43. Bd3 Ba6 44. Bb1 Rcc6 45. Bg5 Ne6 46. hxg6 Nxg5 47. gxf7+
Kxf7 48. Rxg5 Rc1 49. Rg1 Rc3 50. Rh1 Ke7 51. Rh7+ Kd8 52. Rd1 Re6 53. Bf5 Re7
54. Rxe7 Kxe7 55. Rd2 Rc1 56. Kg3 Rf1 57. Bh3 Rc1 58. Kf4 Bc8 59. Bg2 Be6 60.
Bf3 Rc3 61. Be2 Rh3 62. Bf3 Rh4+ 63. Kg3 Rh3+ 64. Kg2 Rh4 65. Kg3 Rh3+ 66. Kg2
Rh4 67. Kf2 Rh2+ 68. Ke3 Rh3 69. Rg2 Kf7 70. Rg1 Rh2 71. Rg2 Rh3 72. Rg1 Rh2 73.
Be2 Rh3+ 74. Kd2 Rh4 75. Rf1+ Ke7 76. Kd3 Bd7 77. Rf2 Bb5+ 78. Ke3 Re4+ 79. Kf3
Bxe2+ 80. Rxe2 Rxd4 81. Rc2 Ke6 82. Rc5 Kxe5 83. Rxa5 Rd3+ 84. Ke2 Rh3 85. Ra4
Kd4 86. Rxb4+ Kc3 87. Ra4 Rh2+ 88. Kd1 d4 89. Rc4+ Kd3 90. Kc1 Rxa2 91. Rc8 Rh2
92. b4 Rg2 93. Rc5 Rg1+ 94. Kb2 Ke2 95. Re5+ Kd2 96. b5 Rg6 97. Kb3 d3 98. Rd5
Rh6 99. Kc4 Rh4+ 100. Kc5 Kc3 101. b6 Rc4+ 102. Kb5 Rb4+ 103. Kc6 d2 104. b7 Kc2
105. Kc7 d1=Q 106. Rxd1 Kxd1 107. b8=Q Rxb8 108. Kxb8 1/2-1/2

[Event "4NCL 2017-18"]
[Site "England ENG"]
[Date "2018.05.07"]
[Round "11.25"]
[White "Valdes Escobar, Alvaro"]
[Black "McNab, Colin A"]
[Result "1/2-1/2"]
[WhiteTitle "IM"]
[BlackTitle "GM"]
[WhiteElo "2360"]
[BlackElo "2416"]
[WhiteTeam "Wood Green"]
[BlackTeam "White Rose"]
[WhiteFideId "3405451"]
[BlackFideId "2400030"]
[EventDate "2017.11.11"]

1. e4 g6 2. d4 d6 3. Nc3 c6 4. Be3 Nf6 5. Qd2 Nbd7 6. h3 b5 7. Bd3 Bb7 8. Nf3
Qc7 9. Ne2 Bg7 10. Ng3 e5 11. c3 d5 12. Nxe5 Nxe5 13. dxe5 Qxe5 14. f4 Qe7 15.
e5 Nd7 16. O-O a6 17. b4 O-O 18. Rae1 c5 19. bxc5 Nxc5 20. Bd4 Bh6 21. Bb1 Rac8
22. Qf2 Ne6 23. f5 Nxd4 24. cxd4 Qg5 25. Ne2 gxf5 26. Bxf5 Rc6 27. Kh2 b4 28.
Ng3 a5 29. Bg4 Ba6 30. Be2 Bxe2 31. Rxe2 Rc3 32. Nf5 Bg7 33. Re3 Rxe3 34. Nxe3
f6 35. e6 Re8 36. Qf3 Rxe6 37. Nxd5 h6 38. Nf4 Rd6 39. d5 Qe5 40. Rf2 f5 41. Re2
Qc3 42. Qh5 Qf6 43. Re6 Rxe6 44. dxe6 Bf8 45. Qe8 Kh7 46. g3 Bc5 47. h4 Qb2+ 48.
Kh3 Qg7 49. h5 Qg8 50. Qd7+ Qg7 51. Nd5 a4 52. Kh2 b3 53. axb3 axb3 54. e7 Bxe7
55. Nxe7 Qf7 56. Kg2 b2 57. Qb7 b1=Q 58. Qxb1 Qxe7 59. Qxf5+ Kh8 60. Kh3 Qd6 61.
Qf7 Qd2 62. Qf6+ Kh7 63. Qf5+ Kg7 64. Qf4 Qd7+ 65. Kh2 Qe6 66. Qf3 Qa2+ 67. Kh3
Qe6+ 68. g4 Qf6 69. Qd3 Qe6 70. Qd4+ Qf6 71. Qd3 Qe6 72. Kg3 Qe5+ 73. Kf3 Qf6+
74. Qf5 Qc3+ 75. Kf4 1/2-1/2

[Event "4NCL 2017-18"]
[Site "England ENG"]
[Date "2018.05.07"]
[Round "11.26"]
[White "Weller, Jean-Luc"]
[Black "Houska, Jovanka"]
[Result "0-1"]
[BlackTitle "IM"]
[WhiteElo "2274"]
[BlackElo "2420"]
[WhiteTeam "White Rose"]
[BlackTeam "Wood Green"]
[WhiteFideId "421936"]
[BlackFideId "405094"]
[EventDate "2017.11.11"]

1. d4 d5 2. c4 e6 3. Nc3 Nf6 4. cxd5 exd5 5. Bg5 Be7 6. e3 c6 7. Bd3 Nbd7 8. Qc2
h6 9. Bh4 Nh5 10. Bxe7 Qxe7 11. Nge2 Nb6 12. O-O O-O 13. Rab1 a5 14. Qb3 Nd7 15.
Rfe1 Ndf6 16. Nd1 Ne4 17. Qc2 Nd6 18. f3 f5 19. Nec3 Bd7 20. Na4 Rae8 21. Nf2 b5
22. Nc5 Bc8 23. Nb3 a4 24. Na5 Nc4 25. Bxc4 dxc4 26. Nxc6 Qd6 27. Ne5 f4 28. Ne4
Qb6 29. Qc3 fxe3 30. b3 cxb3 31. axb3 a3 32. b4 Nf4 33. Nc5 Rxe5 34. dxe5 Qg6
35. g3 Qxb1 36. gxf4 a2 37. e6 Bxe6 38. Nxe6 Qg6+ 39. Ng5 hxg5 40. Qb3+ Qf7 41.
Qxf7+ Kxf7 42. fxg5 Rd8 0-1

[Event "4NCL 2017-18"]
[Site "England ENG"]
[Date "2018.05.07"]
[Round "11.27"]
[White "Fitzsimons, David"]
[Black "Chow, Samuel"]
[Result "1/2-1/2"]
[WhiteTitle "FM"]
[BlackTitle "FM"]
[WhiteElo "2323"]
[BlackElo "2306"]
[WhiteTeam "Wood Green"]
[BlackTeam "White Rose"]
[WhiteFideId "2501961"]
[BlackFideId "3202992"]
[EventDate "2017.11.11"]

1. e4 e6 2. d4 d5 3. Nc3 Nf6 4. e5 Nfd7 5. f4 c5 6. Nf3 Nc6 7. Be3 Be7 8. Qd2
O-O 9. dxc5 Qa5 10. O-O-O Bxc5 11. Kb1 f6 12. exf6 Nxf6 13. Nxd5 Nxd5 14. Qxa5
Nxa5 15. Bxc5 Rxf4 16. Ne5 b6 17. Bd4 Bb7 18. Bb5 Rd8 19. c3 Nc7 20. Bd3 Rff8
21. Rhe1 Nc6 22. Nxc6 Bxc6 23. g3 Bf3 24. Rd2 Bg4 25. Bf1 Nd5 26. a3 Rd7 27. Rf2
Rxf2 28. Bxf2 Bf5+ 29. Kc1 g5 30. Bd4 g4 31. Bb5 Rd8 32. a4 Kf7 33. Re5 Nb4 34.
Kd2 Nd5 35. Ke2 Ke7 36. a5 bxa5 37. Bxa7 Kd6 38. Bd4 Rb8 39. c4 Nb4 40. Re3 Nc6
41. Bc3 Kc5 42. b3 Nd4+ 43. Kf2 Nxb5 44. Re5+ Kc6 45. cxb5+ Rxb5 46. Rxb5 Kxb5
47. Ke3 Bc2 48. Kf4 Bxb3 49. Kxg4 a4 50. Kf4 Kc4 51. Ba1 Kd3 52. g4 Kc2 53. g5
Kb1 54. Bd4 a3 55. h4 Bd1 56. Ke5 Bg4 57. Kf4 Bf5 58. h5 a2 59. Ke5 a1=Q 60.
Bxa1 Kxa1 61. g6 hxg6 62. hxg6 Bxg6 63. Kxe6 1/2-1/2

[Event "4NCL 2017-18"]
[Site "England ENG"]
[Date "2018.05.07"]
[Round "11.28"]
[White "Townsend, M Paul"]
[Black "Pein, Malcolm"]
[Result "1-0"]
[BlackTitle "IM"]
[WhiteElo "2216"]
[BlackElo "2346"]
[WhiteTeam "White Rose"]
[BlackTeam "Wood Green"]
[WhiteFideId "402320"]
[BlackFideId "400289"]
[EventDate "2017.11.11"]

1. d4 Nf6 2. c4 g6 3. Nc3 Bg7 4. e4 d6 5. Nf3 O-O 6. Be2 e5 7. O-O Nbd7 8. Be3
c6 9. d5 Ng4 10. Bd2 c5 11. Qc1 Ngf6 12. a3 Ne8 13. b4 b6 14. Rb1 f5 15. Ng5 Nc7
16. Nb5 Nxb5 17. cxb5 Nf6 18. bxc5 bxc5 19. f3 h6 20. Ne6 Bxe6 21. dxe6 fxe4 22.
fxe4 Nxe4 23. e7 Rxf1+ 24. Bxf1 Qd7 25. Bxh6 Nf6 26. Rb3 Qxe7 27. Rg3 Qf7 28.
Bd3 e4 29. Bc2 d5 30. Qg5 Nh5 31. Qxg6 Nxg3 32. Qxg3 Rf8 33. h3 Qf6 34. Bxg7
Qxg7 35. Qd6 Qg5 36. Qxc5 Rd8 37. Bxe4 Qe5 38. Bf3 Qe1+ 39. Kh2 Qe5+ 40. Kg1
Qe1+ 41. Kh2 Qe5+ 42. g3 Rd6 43. a4 Kh8 44. Qxa7 Rg6 45. Qf2 d4 46. a5 Rg7 47.
b6 Rf7 48. a6 d3 49. a7 1-0

[Event "4NCL 2017-18"]
[Site "England ENG"]
[Date "2018.05.07"]
[Round "11.31"]
[White "Turner, Matthew J"]
[Black "Martins, David Pires Tavares"]
[Result "1-0"]
[WhiteTitle "GM"]
[BlackTitle "IM"]
[WhiteElo "2529"]
[BlackElo "2395"]
[WhiteTeam "Barbican 4NCL"]
[BlackTeam "Oxford"]
[WhiteFideId "402893"]
[BlackFideId "1909991"]
[EventDate "2017.11.11"]

1. Nf3 f5 2. d3 Nc6 3. e4 e5 4. Nc3 Nf6 5. exf5 d5 6. d4 exd4 7. Nxd4 Nxd4 8.
Qxd4 Bxf5 9. Bg5 c6 10. O-O-O Be7 11. Re1 Kf7 12. g4 Bd7 13. Nxd5 cxd5 14. Bxf6
gxf6 15. Qxd5+ Kf8 16. Bc4 Be8 17. Qxb7 Rb8 18. Qxa7 Rc8 19. Bb3 Bf7 20. Rd1 Qc7
21. Qxc7 Rxc7 22. Bxf7 Kxf7 23. Rd5 Rhc8 24. c3 Rc4 25. f3 Rf4 26. Rd3 Ra4 27.
a3 Bf8 28. Re1 Rc7 29. Kc2 Ra6 30. h3 Bd6 31. Re4 Bh2 32. Rd5 Re6 33. Rxe6 Kxe6
34. Rd4 Be5 35. Re4 f5 36. gxf5+ Kxf5 37. a4 Rf7 38. b4 Rc7 39. c4 h5 40. a5 Rg7
41. a6 Rg2+ 42. Kb3 Rb2+ 43. Ka4 Ra2+ 44. Kb5 Ra3 45. Re2 1-0

[Event "4NCL 2017-18"]
[Site "England ENG"]
[Date "2018.05.07"]
[Round "11.32"]
[White "Claridge-Hansen, William"]
[Black "Griffiths, Ryan Rhys"]
[Result "1/2-1/2"]
[WhiteTitle "FM"]
[BlackTitle "FM"]
[WhiteElo "2276"]
[BlackElo "2353"]
[WhiteTeam "Oxford"]
[BlackTeam "Barbican 4NCL"]
[WhiteFideId "422509"]
[BlackFideId "2502054"]
[EventDate "2017.11.11"]

1. c4 Nf6 2. g3 c6 3. Bg2 d5 4. Nf3 dxc4 5. O-O Nbd7 6. Qc2 Nb6 7. Na3 Be6 8. b3
cxb3 9. axb3 g6 10. Nc4 Bg7 11. Bb2 O-O 12. Na5 Qc8 13. e4 Bh3 14. Bxh3 Qxh3 15.
Bxf6 exf6 16. Nxb7 f5 17. e5 Qg4 18. Kg2 Qe4 19. d3 Qd5 20. d4 a5 21. Nc5 Rfb8
22. Qc3 Nd7 23. Nxd7 Rxb3 24. Qc5 Qxf3+ 25. Kg1 Qd5 26. Qe7 Rb2 27. Rfb1 Rxb1+
28. Rxb1 Qe6 29. Qxe6 fxe6 30. Nc5 a4 31. Ra1 a3 32. Nxe6 Bh6 33. f4 Kf7 34. Nc5
g5 35. g4 fxg4 36. f5 Bf8 37. Ne4 h6 38. Kf2 a2 39. e6+ Ke7 40. Nc3 Bg7 41. Ke3
c5 42. Nd5+ Kd6 43. f6 Kxd5 44. fxg7 cxd4+ 45. Kd3 Rg8 46. e7 Kd6 47. Rxa2 Kxe7
48. Ra6 Kf7 49. Rxh6 Kxg7 50. Rd6 Rh8 51. Rxd4 Rh3+ 52. Ke2 Rxh2+ 53. Kf1 Rh4
54. Rd6 Rh6 55. Rd4 Rf6+ 56. Kg2 Rf4 57. Rd6 Rf6 58. Rd4 Rf4 59. Rd6 Rf3 60. Rd4
Kg6 61. Rxg4 Ra3 62. Rb4 Kh5 63. Rc4 Ra2+ 64. Kg3 Ra3+ 65. Kg2 Kg6 66. Rb4 Ra2+
67. Kg3 Ra3+ 68. Kg2 Rd3 69. Ra4 Re3 70. Rb4 Kf5 71. Ra4 Rb3 72. Rc4 Rd3 73. Ra4
g4 74. Ra8 Rd2+ 75. Kg3 Rd3+ 76. Kg2 Rd6 77. Rf8+ Kg5 78. Rg8+ Kf4 79. Rf8+ Kg5
80. Rg8+ Rg6 81. Rxg6+ Kxg6 82. Kg3 Kg5 83. Kg2 Kf4 84. Kf2 g3+ 85. Kg2 Kg4 86.
Kg1 Kf3 87. Kf1 g2+ 88. Kg1 Kg3 1/2-1/2

[Event "4NCL 2017-18"]
[Site "England ENG"]
[Date "2018.05.07"]
[Round "11.33"]
[White "D'Costa, Lorin A R"]
[Black "Hansen, Hans-Peter"]
[Result "1-0"]
[WhiteTitle "IM"]
[WhiteElo "2386"]
[BlackElo "2194"]
[WhiteTeam "Barbican 4NCL"]
[BlackTeam "Oxford"]
[WhiteFideId "409219"]
[BlackFideId "1503502"]
[EventDate "2017.11.11"]

1. d4 Nf6 2. Nf3 e6 3. c4 b6 4. g3 Ba6 5. b3 Bb7 6. Bg2 Bb4+ 7. Bd2 a5 8. O-O
O-O 9. Nc3 d6 10. d5 exd5 11. Nxd5 Bxd2 12. Qxd2 Nbd7 13. Nd4 Nxd5 14. cxd5 Re8
15. Rfe1 Nc5 16. e4 Qf6 17. Re3 Re7 18. Rae1 g6 19. a3 a4 20. b4 Nb3 21. Nxb3
axb3 22. Rxb3 h5 23. h4 Bc8 24. Rbe3 Qg7 25. e5 Bf5 26. exd6 Rxe3 27. Qxe3 cxd6
28. Qxb6 Qc3 29. Re3 Qc1+ 30. Kh2 Qb2 31. Qc6 Rc8 32. Re8+ Rxe8 33. Qxe8+ Kg7
34. Qe3 Kh7 1-0

[Event "4NCL 2017-18"]
[Site "England ENG"]
[Date "2018.05.07"]
[Round "11.34"]
[White "Healey, Michael W"]
[Black "Grafl, Florian"]
[Result "0-1"]
[BlackTitle "IM"]
[WhiteElo "2141"]
[BlackElo "2369"]
[WhiteTeam "Oxford"]
[BlackTeam "Barbican 4NCL"]
[WhiteFideId "410012"]
[BlackFideId "4645715"]
[EventDate "2017.11.11"]

1. e4 Nc6 2. d4 d5 3. e5 f6 4. Bb5 fxe5 5. dxe5 a6 6. Bxc6+ bxc6 7. Ne2 g6 8. h4
Bg7 9. Bf4 Nh6 10. h5 Nf7 11. hxg6 hxg6 12. Rxh8+ Bxh8 13. Qd4 Qd7 14. Qc3 g5
15. Bg3 Qe6 16. Nd4 Qh6 17. Nd2 Nxe5 18. O-O-O g4 19. Kb1 Bd7 20. N2b3 Nc4 21.
Qb4 e5 22. Re1 Kf7 23. Qb7 Rc8 24. Nc5 Qd2 25. f3 exd4 26. Nxd7 d3 27. Qb3 Qxe1+ 0-1

[Event "4NCL 2017-18"]
[Site "England ENG"]
[Date "2018.05.07"]
[Round "11.35"]
[White "Taylor, Martin R"]
[Black "Dickinson, Tim R"]
[Result "1/2-1/2"]
[WhiteTitle "FM"]
[WhiteElo "2348"]
[BlackElo "2049"]
[WhiteTeam "Barbican 4NCL"]
[BlackTeam "Oxford"]
[WhiteFideId "407836"]
[BlackFideId "405728"]
[EventDate "2017.11.11"]

1. d4 e6 2. c4 Bb4+ 3. Bd2 Qe7 4. e4 b6 5. Bd3 Bb7 6. Nf3 Bxd2+ 7. Nbxd2 c5 8.
O-O Nc6 9. d5 Nb4 10. Be2 e5 11. Qb3 Nh6 12. Qc3 d6 13. a3 Na6 14. Ne1 O-O 15.
f4 exf4 16. Rxf4 Nb8 17. Nd3 Nd7 18. Re1 f6 19. b4 Ne5 20. Nxe5 fxe5 21. Rxf8+
Rxf8 22. bxc5 bxc5 23. Rf1 Rxf1+ 24. Nxf1 Qh4 25. Qb3 Qe7 26. Ne3 g6 27. g3 Kg7
28. h4 Ng8 29. Bf3 Qc7 30. Kf2 Bc8 31. Ke2 Nf6 32. Nd1 h5 33. Ke3 Bg4 34. Nf2
Qf7 35. Bxg4 Nxg4+ 36. Nxg4 hxg4 37. Ke2 a5 38. a4 Kh7 39. Ke1 Kh6 40. Qb8 Qf6
41. Qc8 Kh5 42. Qg8 g5 43. Qh7+ Qh6 44. Qe7 Qg6 45. Kd1 Kh6 46. hxg5+ Kh5 47.
Qf8 Kxg5 48. Qd8+ Qf6 49. Qxf6+ Kxf6 1/2-1/2

[Event "4NCL 2017-18"]
[Site "England ENG"]
[Date "2018.05.07"]
[Round "11.37"]
[White "Rogers, Jonathan W"]
[Black "Duggan, Christopher"]
[Result "1-0"]
[WhiteTitle "FM"]
[WhiteElo "2302"]
[BlackElo "2027"]
[WhiteTeam "Barbican 4NCL"]
[BlackTeam "Oxford"]
[WhiteFideId "402052"]
[BlackFideId "413259"]
[EventDate "2017.11.11"]

1. Nf3 d5 2. d4 Nc6 3. Bf4 Bg4 4. e3 e6 5. Be2 Bd6 6. Bg3 Nge7 7. Nbd2 O-O 8. c4
Nf5 9. Rc1 Re8 10. cxd5 exd5 11. Qb3 Bxf3 12. Nxf3 Bb4+ 13. Kf1 Qe7 14. a3 Ba5
15. Bd3 Nxg3+ 16. hxg3 g6 17. Qxb7 Rab8 18. Qxc6 Rxb2 19. Ne5 Reb8 20. Nd7 Qxa3
21. Bxg6 hxg6 22. Qf6 1-0

[Event "4NCL 2017-18"]
[Site "England ENG"]
[Date "2018.05.07"]
[Round "11.38"]
[White "Matta, Francesca"]
[Black "Bhatia, Kanwal K"]
[Result "0-1"]
[BlackTitle "WFM"]
[WhiteElo "1942"]
[BlackElo "2036"]
[WhiteTeam "Oxford"]
[BlackTeam "Barbican 4NCL"]
[WhiteFideId "818780"]
[BlackFideId "407496"]
[EventDate "2017.11.11"]

1. d4 Nf6 2. c4 c5 3. d5 b5 4. Nd2 g6 5. e4 d6 6. b3 Bg7 7. Bb2 O-O 8. Bd3 e6 9.
Ngf3 Bb7 10. O-O b4 11. Re1 e5 12. a3 a5 13. axb4 axb4 14. Rxa8 Bxa8 15. Qa1
Nbd7 16. Ng5 Nh5 17. Nh3 Bb7 18. g3 Bc8 19. Qd1 Ndf6 20. Bf1 Ng4 21. f3 Nh6 22.
Nf2 Qg5 23. Bg2 Kh8 24. Nf1 Rg8 25. Bh3 f5 26. Bc1 Qd8 27. Nd3 Nf7 28. Qe2 fxe4
29. Nf2 Bxh3 30. Nxh3 exf3 31. Qxf3 Rf8 32. Qg4 Nh6 33. Qe2 Nf5 34. Be3 Nxe3 35.
Nxe3 h6 36. Nf2 Nf6 37. Qd3 Kh7 38. Ra1 e4 39. Qe2 Nxd5 40. Ra7 Nxe3 41. Qxe3
Qf6 42. Ra2 Qd4 43. Qxe4 Rxf2 44. Qxd4 Bxd4 45. Rxf2 Kg7 46. Kg2 Bxf2 47. Kxf2
Kf6 48. Ke2 h5 49. h3 g5 50. Kf3 Ke5 51. Ke3 d5 52. cxd5 Kxd5 53. Kd3 c4+ 54.
bxc4+ Kc5 55. g4 h4 56. Ke4 Kxc4 57. Kf5 b3 58. Kxg5 b2 59. Kxh4 b1=Q 60. Kg5
Qh7 61. h4 Kd5 62. h5 Ke5 63. h6 Qf7 64. h7 Qg7+ 65. Kh5 Qxh7+ 66. Kg5 Qg7+ 67.
Kh5 Kf4 0-1

[Event "4NCL 2017-18"]
[Site "England ENG"]
[Date "2018.05.07"]
[Round "11.42"]
[White "Rendle, Thomas E"]
[Black "Zhou, Yang-Fan"]
[Result "1/2-1/2"]
[WhiteTitle "IM"]
[BlackTitle "IM"]
[WhiteElo "2365"]
[BlackElo "2440"]
[WhiteTeam "Grantham Sharks"]
[BlackTeam "Guildford"]
[WhiteFideId "408760"]
[BlackFideId "468584"]
[EventDate "2017.11.11"]

1. e4 c5 2. Nf3 d6 3. c3 Nf6 4. Be2 Nbd7 5. d3 b6 6. Nbd2 Bb7 7. O-O g6 8. d4
cxd4 9. cxd4 Nxe4 10. Nxe4 Bxe4 11. Ng5 d5 12. Bb5 Bg7 13. f3 Bf5 14. g4 h6 1/2-1/2

[Event "4NCL 2017-18"]
[Site "England ENG"]
[Date "2018.05.07"]
[Round "11.43"]
[White "Hebden, Mark L"]
[Black "Bremner, Adam"]
[Result "1/2-1/2"]
[WhiteTitle "GM"]
[BlackTitle "CM"]
[WhiteElo "2458"]
[BlackElo "2218"]
[WhiteTeam "Guildford"]
[BlackTeam "Grantham Sharks"]
[WhiteFideId "400084"]
[BlackFideId "2400847"]
[EventDate "2017.11.11"]

1. d4 Nf6 2. Bg5 d5 3. e3 e6 4. Nd2 c5 5. c3 Nbd7 6. Ngf3 Be7 7. Bd3 b6 8. Ne5
Bb7 9. Qe2 Nxe5 10. dxe5 Nd7 11. Bxe7 Qxe7 12. f4 f6 13. exf6 gxf6 14. e4 Rg8
15. O-O-O O-O-O 16. exd5 Bxd5 17. Be4 Nf8 18. Bxd5 Rxd5 19. Rhe1 Rg7 20. g3 Qd8
21. c4 Rd4 22. Nf3 Rxd1+ 23. Rxd1 Rd7 24. Re1 Qc7 25. Qe4 Qb7 26. Qxb7+ Kxb7 27.
Kc2 Kc6 28. g4 h6 29. h4 Rg7 30. g5 fxg5 31. fxg5 hxg5 32. Nxg5 Kd6 33. Re3 e5
34. Rf3 Nh7 35. Ne4+ Ke6 36. Rg3 Rd7 37. Kc3 Kf5 38. Nf2 Kf4 39. Rg6 Kf5 40. Rg1
e4 41. Rf1 Kf4 42. Nd3+ Kg3 43. Ne5 Re7 44. Rf5 Nf8 45. Kd2 Nd7 46. Ng6 Re6 47.
h5 Kg4 48. Rf7 Rd6+ 49. Ke3 Kxh5 50. Nf4+ Kg5 51. Kxe4 Rd4+ 52. Ke3 Ne5 53. Ne6+
Kg6 54. Rxa7 Nxc4+ 55. Kf3 Ne5+ 56. Ke2 Rb4 57. b3 c4 58. bxc4 Nxc4 59. Kd3 Na5
60. Nf8+ Kf5 61. Kc3 Rc4+ 62. Kb2 Rb4+ 63. Ka1 Ke4 64. Nd7 1/2-1/2

[Event "4NCL 2017-18"]
[Site "England ENG"]
[Date "2018.05.07"]
[Round "11.44"]
[White "Murphy, Hugh W"]
[Black "Sarakauskas, Gediminas"]
[Result "0-1"]
[BlackTitle "IM"]
[WhiteElo "2097"]
[BlackElo "2424"]
[WhiteTeam "Grantham Sharks"]
[BlackTeam "Guildford"]
[WhiteFideId "422444"]
[BlackFideId "12800724"]
[EventDate "2017.11.11"]

1. e4 c5 2. b3 Nc6 3. Bb2 e6 4. Nf3 a6 5. Qe2 d6 6. Nc3 Nf6 7. O-O-O Nd4 8. Qd3
e5 9. Nxd4 cxd4 10. Ne2 Be7 11. f4 O-O 12. g4 Bxg4 13. Rg1 Rc8 14. Kb1 Re8 15.
Bh3 Bxh3 16. Qxh3 Qc7 17. c3 Bf8 18. Qf5 Kh8 19. d3 dxc3 20. Nxc3 Qd7 21. Qg5
Qh3 22. fxe5 h6 23. Qd2 dxe5 24. Rg3 Qe6 25. Rf1 Bb4 26. Rc1 Rc6 27. Qg2 Bxc3
28. Bxc3 Nh5 29. Rg4 Rec8 30. Bb2 Rxc1+ 31. Bxc1 Rd8 32. Qf3 Rxd3 33. Qe2 Qd7
34. Kc2 Rh3 35. Qg2 Qd3+ 36. Kb2 Qc3+ 37. Kb1 Qf3 38. Qg1 Qd3+ 39. Kb2 Qe2+ 40.
Kb1 Rxh2 0-1

[Event "4NCL 2017-18"]
[Site "England ENG"]
[Date "2018.05.07"]
[Round "11.45"]
[White "Suarez Real, Alberto"]
[Black "Mcgowan, Daniel"]
[Result "1-0"]
[WhiteTitle "IM"]
[WhiteElo "2434"]
[BlackElo "2151"]
[WhiteTeam "Guildford"]
[BlackTeam "Grantham Sharks"]
[WhiteFideId "2218534"]
[BlackFideId "2401479"]
[EventDate "2017.11.11"]

1. e4 e6 2. d4 d5 3. Nd2 c5 4. Ngf3 Nc6 5. exd5 exd5 6. Bb5 Bd6 7. dxc5 Bxc5 8.
O-O Ne7 9. Nb3 Bd6 10. h3 O-O 11. Bd3 Nb4 12. Be2 Bf5 13. Nbd4 Bg6 14. c3 Nbc6
15. Bd3 Nxd4 16. Nxd4 Nc6 17. Bxg6 hxg6 18. Be3 Qd7 19. Qa4 Rfd8 20. Rad1 Nxd4
21. Qxd4 Be7 22. Rd2 Bf6 23. Qf4 Qc6 24. Rfd1 Rd7 25. Bd4 Be7 26. Qf3 Rad8 27.
Re2 Bf8 28. a3 Re7 29. Rxe7 Bxe7 30. Qe3 Re8 31. Re1 b6 32. Qe5 f6 33. Qe6+ Qxe6
34. Rxe6 Kf7 35. Rc6 Bf8 36. a4 Re1+ 37. Kh2 Re6 38. Rc8 Bd6+ 39. g3 Re8 40.
Rxe8 Kxe8 41. h4 Kd7 42. Kh3 Ke6 43. Kg4 Be5 44. Be3 Bd6 45. Kf3 Bc7 46. Ke2 Kd7
47. b4 Kc6 48. b5+ Kd7 49. Kd3 Ke6 50. a5 Kd7 51. a6 Ke6 52. g4 Bb8 53. Bd4 Bc7
54. h5 gxh5 55. gxh5 Kf5 56. Be3 Ke6 57. Bc1 Bd6 58. Ke3 Kf5 59. Kf3 Be5 60. Bd2
Bd6 61. Be3 Bc7 62. Ke2 Ke6 63. Kd3 Bb8 64. c4 dxc4+ 65. Kxc4 Bc7 66. Kd4 Bd6
67. Ke4 Bc7 68. f4 Bd8 69. f5+ Kd6 70. Kd4 Bc7 71. Bd2 Ke7 72. Kd5 Kd7 73. Bb4
Bf4 74. Bf8 Bh6 75. Bd6 Be3 76. Bf8 Bh6 77. Bd6 Be3 78. Bb8 Kc8 79. Bxa7 Kc7 80.
Ke6 Bf4 81. Kf7 Bh6 82. Kg6 1-0

[Event "4NCL 2017-18"]
[Site "England ENG"]
[Date "2018.05.07"]
[Round "11.46"]
[White "Tavares, Shawn P"]
[Black "Wadsworth, Matthew J"]
[Result "0-1"]
[BlackTitle "FM"]
[WhiteElo "2148"]
[BlackElo "2354"]
[WhiteTeam "Grantham Sharks"]
[BlackTeam "Guildford"]
[WhiteFideId "7700016"]
[BlackFideId "415804"]
[EventDate "2017.11.11"]

1. e4 e6 2. d4 d5 3. Nd2 dxe4 4. Nxe4 Bd7 5. Nf3 Bc6 6. Bd3 Nd7 7. O-O Ngf6 8.
Qe2 Nxe4 9. Bxe4 Bxe4 10. Qxe4 c6 11. Bg5 Be7 12. Bxe7 Qxe7 13. c4 O-O 14. Rad1
Rfd8 15. Rfe1 Nf6 16. Qc2 Rd6 17. Re5 Rad8 18. Rde1 h6 19. h3 Nh7 20. Rh5 Qf6
21. Re3 g6 22. Ra5 a6 23. Qb3 R6d7 24. Ne5 Rxd4 25. Rf3 Rf4 26. Ng4 Qd4 27.
Nxh6+ Kg7 28. Ng4 Qd1+ 29. Kh2 Rxf3 30. Qxf3 Qxf3 31. gxf3 Rd2 32. b4 f5 33. Ne5
Rxf2+ 34. Kg3 Rc2 35. a4 Nf6 36. b5 g5 37. h4 Nh5+ 0-1

[Event "4NCL 2017-18"]
[Site "England ENG"]
[Date "2018.05.07"]
[Round "11.47"]
[White "Milliet, Sophie"]
[Black "Birtwistle, Nigel"]
[Result "1-0"]
[WhiteTitle "IM"]
[WhiteElo "2391"]
[BlackElo "2136"]
[WhiteTeam "Guildford"]
[BlackTeam "Grantham Sharks"]
[WhiteFideId "623725"]
[BlackFideId "406945"]
[EventDate "2017.11.11"]

1. e4 c5 2. Nf3 g6 3. c4 Bg7 4. d4 cxd4 5. Nxd4 Nc6 6. Be3 Nf6 7. Nc3 Ng4 8.
Qxg4 Nxd4 9. Qd1 e5 10. Bd3 O-O 11. O-O d6 12. a4 Be6 13. a5 Rc8 14. Ra4 Bd7 15.
Ra3 Be6 16. Ra4 Bd7 17. Ra3 Be6 18. b3 Qe7 19. Ra2 f5 20. Bxd4 exd4 21. Nd5 Bxd5
22. exd5 Rce8 23. b4 Be5 24. f4 Bf6 25. Re2 Qd7 26. Re6 Rxe6 27. dxe6 Qxe6 28.
Re1 Qd7 29. Qe2 Rd8 30. Kf1 Kf7 31. Qf3 Qc6 32. Qxc6 bxc6 33. b5 cxb5 34. cxb5
Rc8 35. b6 axb6 36. axb6 Rb8 37. Bc4+ Kf8 38. Rb1 Bd8 39. b7 Bc7 40. Bd5 Re8 41.
Rc1 Bb8 42. Rc8 Ke7 43. Ke2 Rd8 44. Kd3 Ba7 45. g3 Bb8 46. Kxd4 Kd7 47. Bc6+ Ke7
48. Kd5 Rf8 49. Bb5 Rd8 50. Ba4 Rf8 51. Kc6 Rd8 52. Rxb8 Rxb8 53. Kc7 Rd8 54.
b8=Q Rxb8 55. Kxb8 1-0

[Event "4NCL 2017-18"]
[Site "England ENG"]
[Date "2018.05.07"]
[Round "11.51"]
[White "Gordon, Stephen J"]
[Black "Gormally, Daniel W"]
[Result "1-0"]
[WhiteTitle "GM"]
[BlackTitle "GM"]
[WhiteElo "2529"]
[BlackElo "2484"]
[WhiteTeam "3Cs"]
[BlackTeam "Blackthorne Russia"]
[WhiteFideId "411477"]
[BlackFideId "406465"]
[EventDate "2017.11.11"]

1. Nf3 Nf6 2. c4 e6 3. g3 d5 4. d4 Be7 5. Bg2 O-O 6. Qc2 b6 7. cxd5 Nxd5 8. O-O
Bb7 9. Rd1 Nd7 10. a3 c5 11. e4 N5f6 12. Nc3 cxd4 13. Nxd4 Rc8 14. Qe2 Ne8 15.
Bh3 Nc7 16. Bf4 Bf6 17. Bd6 Re8 18. Rd2 Bg5 19. f4 Be7 20. Bxc7 Rxc7 21. Ncb5
Ba6 22. Qd1 Rb7 23. Nxe6 Qb8 24. Nbc7 Nc5 25. Nxe8 Qxe8 26. Nxc5 bxc5 27. e5 g6
28. Rc1 c4 29. b4 Bb5 30. Bf1 Qc6 31. Rd5 Qa6 32. Rc3 Bc6 33. Rd4 Qb6 34. Bg2
Ba4 35. Qd2 Rc7 36. Kh1 Bb5 37. Bd5 Rd7 38. h4 Rxd5 39. Rxd5 1-0